| 000 | 01283cam a2200265 4500 | ||
|---|---|---|---|
| 001 | ABS65085 | ||
| 008 | 020308n2002 000 0 eng u | ||
| 035 | _a(Sirsi) u117058 | ||
| 100 | _aAtkinson, D. | ||
| 245 | 4 | _aThe use of programmes of work in construction contracts | |
| 260 | _c2002 | ||
| 490 |
_aCivil Engineering Surveyor _v February 2002, 46-47(2) |
||
| 520 | _aReview of function of the programme of works, which is intended to show the activities necessary to complete works in a contract, and will show the planned duration of each activity. Three possible uses of the programme are as a monitoring of progress aid, as a management tool and to establish a contractor's entitlement to an extension of time. Examines various different contracts in relation to such a programme and advises on the minimum obligations it should set out. | ||
| 590 | _aABS | ||
| 650 |
_aContracts _96232 |
||
| 650 | _aCONTRACT MANAGEMENT | ||
| 650 | _aPROGRAMME MANAGEMENT | ||
| 650 | _aFIDIC RED BOOK | ||
| 650 | _aICE CONDITIONS OF CONTRACT 7TH EDITION | ||
| 650 | _aENGINEERING CONSTRUCTION CONTRACT FORMS | ||
| 650 | _aCONTRACT ADMINISTRATORS | ||
| 650 | _aBUILT ENVIRONMENT-BUILDING CONTRACT FORMS | ||
| 690 | _aBUILT ENVIRONMENT-BUILDING CONTRACT FORMS | ||
| 942 | _n0 | ||
| 999 |
_c69743 _d69743 |
||